00255nam a22000977a 4500008004100000082001700041100001700058245003000075260004300105300000900148230704b xxu||||| |||| 00| 0 eng d a340.094bDAV cClive Davies aGeneral Principles of Law aLondonbSweet & Maxwell Limited c1972 a117p